Normal view
MARC view
- Niños
Entry Materia
001 - NÚMERO DE CONTROL DEL REGISTRO
- campo de control: 13740
003 - IDENTIFICADOR DE NUMERO DE CONTROL
- campo de control: MX-MxUPN
005 - FECHA Y HORA DE LA ÚLTIMA TRANSACCIÓN
- campo de control: 20240910165103.0
008 - DATOS DE LONGITUD FIJA
- campo de control de longitud fija: 240910da accnnbabn b |nc |d
035 ## - NÚMERO DE CONTROL DEL SISTEMA
- Número de control del sistema: UPN10000013748
040 ## - FUENTE DE LA CATALOGACIÓN
- Centro catalogador de origen: MX-MxUPN
- Lengua de catalogación: spa
150 ## - ENCABEZAMIENTO - TEMÁTICO
- Término de materia o nombre geográfico como elemento inicial: Niños
- Subdivisión de materia general: Condiciones sociales
670 ## - FUENTE EN LA QUE SE LOCALIZARON DATOS
- Cita de la fuente: Autoridades LC, 10 septiembre 2024 :
- Información localizada: (Children - Social conditions)
- Identificador Uniforme del Recurso: https://lccn.loc.gov/sh86001680
902 ## - CATALOGADOR
- Catalogador: MCM/091109
- Catalogador: VíctorGodínez/100924
